Basic Automobile Electricity (Record no. 172095)

MARC details
000 -LEADER
fixed length control field 00430nam a2200181Ia 4500
008 - FIXED-LENGTH DATA ELEMENTS--GENERAL INFORMATION
fixed length control field 240823s9999||||xx |||||||||||||| ||und||
082 ## - DEWEY DECIMAL CLASSIFICATION NUMBER
-- 629.254 P3
100 ## - MAIN ENTRY--PERSONAL NAME
Personal name Nakra C P
245 #0 - TITLE STATEMENT
Title Basic Automobile Electricity
250 ## - EDITION STATEMENT
Edition statement 2nd
260 ## - PUBLICATION, DISTRIBUTION, ETC. (IMPRINT)
Date of publication, distribution, etc 2003
Name of publisher, distributor, etc Dhanpat Rai &
Place of publication, distribution, etc Delhi
500 ## - GENERAL NOTE
General note TRANSFERED
650 ## - SUBJECT ADDED ENTRY--TOPICAL TERM
Topical term or geographic name as entry element Automobile
942 ## - ADDED ENTRY ELEMENTS (KOHA)
Item type Books
Holdings
Withdrawn status Lost status Damaged status Permanent location Current location Shelving location Date acquired Source of acquisition Cost, normal purchase price Full call number Barcode Date last seen Koha item type
      CENTRAL LIBRARY, NOORUL ISLAM CENTRE FOR HIGHER EDUCATION CENTRAL LIBRARY, NOORUL ISLAM CENTRE FOR HIGHER EDUCATION   03/31/2005 Higginbothams Private Ltd 50.00 629.254 P3 26151 08/23/2024 Books
Visitors:
Copyright © 2024 Central Library NICHE.  All rights reserved.